[Event "Bhubaneswar op-A 14th"]
[Site "Bhubaneswar"]
[Date "2023.06.16"]
[Round "8"]
[White "Adhiraj, Mitra"]
[Black "Anubhab, Gupta"]
[Result "1-0"]
[WhiteElo "1567"]
[BlackElo "1649"]
[PlyCount "64"]
[EventDate "2023.06.11"]
[EventType "swiss"]
[EventRounds "10"]
[EventCountry "IND"]
[SourceTitle "CBM 214 Extra"]
[Source "ChessBase"]
[SourceDate "2023.07.31"]
[SourceVersion "1"]
[SourceVersionDate "2023.07.31"]
[SourceQuality "1"]

1. e4 c6 2. d4 d5 3. Nc3 dxe4 4. Nxe4 Nf6 5. Ng3 h5 6. h4 Bg4 7. Be2 Qd6 8. Nf3 Nbd7 9. c3 0-0-0 10. Ng5 Be6 11. Be3 g6 12. Qd2 Nb6 13. 0-0 Nbd5 14. N3e4 Nxe4 15. Nxe4 Qc7 16. Ng5 Qd7 17. Rad1 f6 18. Ne4 Nxe3 19. fxe3 Bh6 20. Nc5 Qd5 21. Bd3 b6 22. Nb3 g5 23. c4 Qd6 24. c5 Qg3 25. cxb6 axb6 26. Ba6+ Kc7 27. Rf3 Qxh4 28. Qb4 Rh7 29. Nc5 Rd6 30. Na4 Kd7 31. Qxb6 g4 32. Qb8 Rd5 1-0

[Event "Bhubaneswar op-A 14th"]
[Site "Bhubaneswar"]
[Date "2023.06.15"]
[Round "7"]
[White "Anubhab, Gupta"]
[Black "Medhvansh, Madeti"]
[Result "0-1"]
[WhiteElo "1649"]
[BlackElo "1269"]
[PlyCount "56"]
[EventDate "2023.06.11"]
[EventType "swiss"]
[EventRounds "10"]
[EventCountry "IND"]
[SourceTitle "CBM 214 Extra"]
[Source "ChessBase"]
[SourceDate "2023.07.31"]
[SourceVersion "1"]
[SourceVersionDate "2023.07.31"]
[SourceQuality "1"]

1. c4 e5 2. Nc3 Nf6 3. Nf3 Nc6 4. g3 Bb4 5. Nd5 Bc5 6. Bg2 d6 7. e3 0-0 8. 0-0 Bg4 9. h3 Bh5 10. g4 Bg6 11. Nh4 Bd3 12. Nf5 Bxf1 13. Qxf1 Nxd5 14. cxd5 Ne7 15. Kh1 Nxf5 16. gxf5 Qh4 17. Qe2 g6 18. Qf3 Rae8 19. d3 Kh8 20. f6 Qh5 21. Bd2 Qf5 22. e4 Qxf3 23. Bxf3 h5 24. Bh6 Rg8 25. Bg7+ Kh7 26. Kg2 Bd4 27. a4 Rb8 28. Rh1 Bxb2 0-1